La teoría general del empleo, el interés y el dinero / (Record no. 126096)

MARC details
000 -LEADER
campo de control de longitud fija 01596nam a2200373 i 4500
001 - NÚMERO DE CONTROL
campo de control 990011113700204201
003 - IDENTIFICADOR DE NÚMERO DE CONTROL
campo de control BJBSDDR
005 - FECHA Y HORA DE LA ÚLTIMA TRANSACCIÓN
campo de control 20251208165520.0
006 - CÓDIGOS DE INFORMACIÓN DE LONGITUD FIJA--CARACTERÍSTICAS DEL MATERIAL ADICIONAL
campo de control de longitud fija a|||||r|||| 00| 0
007 - CAMPO FIJO DE DESCRIPCIÓN FÍSICA--INFORMACIÓN GENERAL
campo de control de longitud fija ta
008 - DATOS DE LONGITUD FIJA--INFORMACIÓN GENERAL
campo de control de longitud fija 060529s1998 sp r 000 0 spa d
017 ## - NÚMERO DE COPYRIGHT O DE DEPÓSITO LEGAL
Número de copyright o de depósito legal M-30910-1998
020 ## - NÚMERO INTERNACIONAL ESTÁNDAR DEL LIBRO
Número Internacional Estándar del Libro 8488203055
035 ## - NÚMERO DE CONTROL DEL SISTEMA
Número de control de sistema CSIC001111370
035 ## - NÚMERO DE CONTROL DEL SISTEMA
Número de control de sistema (ES-MaCSI)001111370MAD01-Aleph
040 ## - FUENTE DE CATALOGACIÓN
Centro catalogador/agencia de origen ES-MaCSI
Lengua de catalogación spa
Centro/agencia transcriptor BJBSDDR
041 ## - CÓDIGO DE IDIOMA
Código de lengua del texto/banda sonora o título independiente spa
050 ## - SIGNATURA TOPOGRÁFICA DE LA BIBLIOTECA DEL CONGRESO
Número de ítem K44t 1998
100 1# - ENTRADA PRINCIPAL--NOMBRE DE PERSONA
Nombre de persona Keynes, John Maynard,
Fechas asociadas al nombre 1883-1946.
9 (RLIN) 2863
245 13 - MENCIÓN DEL TÍTULO
Título La teoría general del empleo, el interés y el dinero /
Mención de responsabilidad, etc. John Maynard Keynes.
260 ## - PUBLICACIÓN, DISTRIBUCIÓN, ETC.
Lugar de publicación, distribución, etc. Madrid :
Nombre del editor, distribuidor, etc. Aosta,
Fecha de publicación, distribución, etc. 1998.
300 ## - DESCRIPCIÓN FÍSICA
Extensión 485 Páginas ;
Dimensiones 22 cm
490 1# - MENCIÓN DE SERIE
Mención de serie Biblioteca de grandes economistas del s. XX ;
Designación de volumen o secuencia 5
520 ## - RESUMEN, ETC.
Sumario, etc. Keynes demuestra que el capitalismo puede quedarse atrapado en desempleo involuntario porque la economía no se autoregula. El nivel de empleo depende de la demanda efectiva (consumo + inversión).<br/>La inversión depende de expectativas y de la preferencia por liquidez, no del ahorro. La tasa de interés es un fenómeno monetario, no un equilibrio “natural”.<br/><br/>Por eso, en recesiones el Estado debe intervenir para estimular demanda, inversión y empleo.
650 #7 - PUNTO DE ACCESO ADICIONAL DE MATERIA--TÉRMINO DE MATERIA
Término de materia o nombre geográfico como elemento de entrada Keynes, Teoría de.
Fuente del encabezamiento o término CSICAU
650 #7 - PUNTO DE ACCESO ADICIONAL DE MATERIA--TÉRMINO DE MATERIA
Término de materia o nombre geográfico como elemento de entrada Empleo.
Fuente del encabezamiento o término CSICAU
650 #7 - PUNTO DE ACCESO ADICIONAL DE MATERIA--TÉRMINO DE MATERIA
Término de materia o nombre geográfico como elemento de entrada Interés (Economía)
Fuente del encabezamiento o término CSICAU
650 #7 - PUNTO DE ACCESO ADICIONAL DE MATERIA--TÉRMINO DE MATERIA
Término de materia o nombre geográfico como elemento de entrada Economía.
Fuente del encabezamiento o término CSICAU
650 #7 - PUNTO DE ACCESO ADICIONAL DE MATERIA--TÉRMINO DE MATERIA
Término de materia o nombre geográfico como elemento de entrada Moneda.
Fuente del encabezamiento o término CSICAU
700 1# - ENTRADA AGREGADA--NOMBRE PERSONAL
Nombre de persona Aguirre Rodríguez, José Antonio
Término indicativo de función/relación traductor.
9 (RLIN) 46452
830 #0 - PUNTO DE ACCESO ADICIONAL DE SERIE-TÍTULO UNIFORME
Título uniforme Biblioteca de grandes economistas del s. XX ;
Designación de volumen o secuencia 5
942 ## - ELEMENTOS DE ENTRADA SECUNDARIOS (KOHA)
Fuente del sistema de clasificación o colocación Clasificación de Library of Congress
Suprimir en OPAC No
Tipo de ítem Koha Libro
946 ## - PROCESAMIENTO DE INFORMACIÓN LOCAL (OCLC)
Iniciales del agente catalogador LLH
Holdings
Estatus retirado Estado de pérdida Fuente del sistema de clasificación o colocación Estado de daño No para préstamo Colección Biblioteca de origen Biblioteca actual Ubicación en estantería Fecha de adquisición Signatura topográfica completa Código de barras Visto por última vez Copia número Tipo de ítem Koha
    Clasificación de Library of Congress     Automatización y Procesos Técnicos Biblioteca Juan Bosch Biblioteca Juan Bosch Automatización y Procesos Técnicos (1er. Piso) 08/12/2025 K44t 1998 00000198118 08/12/2025 1 Libro